000 00525nam a2200181 a 4500
005 20140412111235.0
008 010404s19uu xx 00 eng d
020 _a2-89433-120-7
050 _aBB
_bCi48 1993
100 _aBryant, Robyn
245 _aCinderella /
_cstory adaptation Robyn Bryant.
260 _aMontreal, Cananda :
_bBrimar Publishing Inc,
_c1993.
300 _a16 p. ; ill.
440 _aThe Walt Disney Princess Treasure Chest
650 _aPrincess-Stories
650 _aFairy Tales
999 _c102370
_d102370